Geography Quiz

Random Geography or City Quiz

Top 20 Cities of Brazil on a Map Quiz Stats

 Plays Quiz Updated Dec 18, 2019

Support Sporcle.
Go Orange.
Score 0/20 Timer 06:00
12 Plays Today
% Correct
2. Rio de Janeiro
95.3%
1. São Paulo
92.3%
4. Brasilia
92.2%
7. Manaus
64.7%
3. Salvador
62.2%
9. Recife
61.4%
6. Belo Horizonte
60.3%
10. Porto Alegre
55.4%
5. Fortaleza
51.2%
11. Belém
49.7%
% Correct
8. Curitiba
45.1%
19. Natal
37.6%
16. São Luís
31.1%
14. Campinas
28%
12. Goiânia
27.5%
17. Maceió
19.4%
20. Campo Grande
18.9%
13. Guarulhos
15.2%
15. São Gonçalo
13.1%
18. Duque de Caxias
12.2%

From the Vault

TV Show By Flashback Photo II

by sunnyskates8

TV flashbacks mainly just give the wardrobe department something fun to do.
Remove Ads.
Support Sporcle.
Get the best of Sporcle when you Go Orange. This ad-free experience offers more features, more stats, and more fun while also helping to support Sporcle. Thank you for becoming a member.

Show Comments

Extras

Top Quizzes Today


Score Distribution

Your Account Isn't Verified!

In order to create a playlist on Sporcle, you need to verify the email address you used during registration. Go to your Sporcle Settings to finish the process.

Report this User

Report this user for behavior that violates our Community Guidelines.

Details: